000 00812nam a22002777a 4500
003 DO-SdBNP
005 20211018132535.0
007 ta
008 210705e2017 dr ac||||| 001spa d
020 _a9789945167009
040 _aDO-SdBNP
_beng
_cBPMSU
041 _heng
082 _aR922.2
_bC322v 2017
_222
100 1 _aCartaya, Pedro
_ePadre
245 1 3 _a25 Jesuit knigts of God /
_cPedro Cartaya ; Marcelino García , pról.
246 1 3 _atwenty-five jesuit knigts of God
260 _aSanto Domingo :
_bEditora Búho,
_c2017
300 _a61 p.;
_c23 cm
_bil., retr.
546 _aTexto en inglés
590 _aInventariado 2021/VM
650 4 _aJesuitas
_xVida espiritual
650 4 _aJesuistas
_xBiografías
700 1 _aGarcía, Marcelino
_epról.
910 _aVMateo V.
942 _2ddc
_cBK
999 _c13798
_d13798